Statistiken für Frenchises in Super Smash Bros. Ultimate

Klicken Sie hier um das Quiz zu spielen!

Allgemein

  • Dieses Quiz wurde 67 mal gespielt
  • Das Durchschnittsergebnis liegt bei 23 aus 208

Antwortstatistiken

Franchises% Korrekt
Super Mario
98%
Pokémon
95%
Donkey Kong
85%
The Legend of ZELDA
84%
Kirby
80%
Fire Emblem
62%
Star Fox
62%
Metroid
60%
Animal Crossing
58%
Minecraft
58%
Pac-Man
58%
ASH: Archaic Sealed Heat
55%
F-ZERO
55%
Wario Ware/Wario Land
55%
EarthBound
53%
Street Fighter
53%
Metal Gear
51%
Wii Fit/Wii
51%
Bayonetta
49%
Final Fantasy
49%
Game & Watch
47%
Mega Man
47%
Sonic the Hedgehog
47%
X
45%
Banjo-Kazooie
44%
Duck Hunt
44%
Kid Icarus
44%
Xenoblade Chronicles
44%
Castlevania
42%
Ice Climber
42%
Pikmin
42%
ARMS
36%
Punch-Out!!
36%
Splatoon
36%
Yoshi's Island
36%
Tekken
35%
R.O.B.
33%
Persona
31%
Dragon Quest
25%
Super Smash Bros.
20%
MONSTER HUNTER
18%
Fatal Fury
16%
Cuphead
15%
nintendogs
13%
Bomberman
11%
Golden Sun
11%
Rayman
11%
Undertale
11%
Pilotwings
9%
Tetris
9%
The King of Fighters
9%
Clu Clu Land
5%
Excite
5%
Project Zero
5%
Resident Evil
5%
Shantae
5%
Tomodachi Life
5%
Art Academy
4%
Chibi-Robo!
4%
Nintendo DS
4%
Panel de Pon
4%
Virtua Fighter
4%
Wrecking Crew
4%
Assassin's Creed
2%
Astral Chain
2%
Balloon Fight
2%
Big Brain Academy
2%
BoxBoy!
2%
Densetsu no Stafy/The Legendary Starfy
2%
Devil World
2%
Dillon's Rolling Western
2%
Dr. Kawashimas Gehirn-Jogging
2%
Elecroplankton
2%
Fossil Fighters
2%
Galaxian
2%
Mach Rider
2%
Nintendo Wars/Advance Wars
2%
Octopath Traveler
2%
Ouendan/Elite Beat Agents
2%
Rabbids
2%
Rette die Krone
2%
Sakura Samurai
2%
Snipperclips
2%
Soccer
2%
Sushi Striker
2%
Tales of
2%
Tennis
2%
The Last Story
2%
Urban Champion
2%
Wave Race
2%
1080°
0%
Alpha Mission
0%
And-Kensaku
0%
AR Games
0%
Art of Fighting
0%
Athena
0%
Babylonian Castle Saga
0%
Baraduke
0%
Baseball
0%
Baten Kaitos
0%
Battle Clash
0%
bit Generations
0%
BIT.TRIP
0%
Bosconian
0%
Bravoman
0%
Calciobit/Nintendo Pocket Football Club
0%
Captain Rainbow
0%
Card Hero
0%
Chalien
0%
Chōsōjū Mecha MG
0%
Code Name: S.T.E.A.M.
0%
Cubivore
0%
Culdcept
0%
Custom Robo
0%
Daemon X Machina
0%
Detective Club
0%
Disaster: Day of Crisis
0%
Dragon Buster
0%
Dragon Spirit
0%
Drill Dozer
0%
Eternal Darkness
0%
Ever Oasis
0%
Fallout
0%
Famicom Grand Prix
0%
FlingSmash
0%
Fluidity
0%
Freakyforms
0%
Getsu Fuma Den
0%
GiFTPiA
0%
Glory of Heracles
0%
Goemon/Mystical Ninja
0%
Hajimari no Mori
0%
HarmoKnight
0%
Hogan's Alley
0%
Hotel Dusk
0%
Ice Hockey
0%
Ikari Warriors
0%
Jam with the Band
0%
Joy Mech Fight
0%
Kaeru no Tame ni Kane wa Naru
0%
Katamari
0%
Kiki Trick
0%
King & Balloon
0%
Kurikin Nano Island Story
0%
Kururin
0%
Libble Rabble
0%
Looksley's Line Up
0%
Magical Starsign
0%
Make 10: A Journey of Numbers
0%
Mappy
0%
Marvelous
0%
Metal Slug
0%
Metro-Cross
0%
Mole Mania
0%
Napoleon
0%
NES Remix
0%
Nintendo Badge Arcade
0%
Nintendo Briefkasten
0%
Nintendo Labo
0%
Nintendouji
0%
No More Heroes
0%
Number Battle/Sujin Taisen: Number Battles
0%
Pandora's Tower
0%
Project Hacker
0%
Psycho Soldier
0%
Pushmo/Pullblox
0%
Rally-X
0%
Ring Fit Adventure
0%
River City
0%
Rusty's Real Deal Baseball
0%
Samurai Shodown
0%
Secret of Mana
0%
Sennen Kazoku
0%
Shaberu! DS Oryōri Navi
0%
Shadow Land/Yōkai Dōchūki
0%
Sheriff
0%
Shin Onigashima
0%
Shovel Knights
0%
SimCity
0%
Sin & Punishment
0%
Sky Kid
0%
Slide Adventure MAGKID
0%
Soma Bringer
0%
Steel Diver
0%
Stunt Race FX
0%
Style Savvy
0%
Sutte Hakkun
0%
Taiko no Tatsujin
0%
Takt of Magic
0%
Tank Troopers
0%
Teleroboxer
0%
The Mysterious Murasame Castle
0%
The Tower
0%
The Wonderful 101
0%
Thru/Ketzal's Corridors
0%
Thunder Ceptor
0%
Tomato Adventure
0%
Trace Memory
0%
Tsukutte Utau: Saru Band
0%
TV-Color Game
0%
Valkyrie
0%
Volleyball
0%
Warframe
0%
Wild Gunman
0%
Wonder Momo
0%
Yakuman
0%
Yūyūki
0%
Zangeki no Reginleiv
0%

Verteilung der Resultate

Perzentil nach korrekt beantworteten Fragen

Anzahl Personen mit jedem Resultat

Ihre Resultats-Entwicklung

Sie haben dieses Quiz noch nicht gespielt